书目信息 |
| 题名: |
大学英语6级考试大全
|
|
| 作者: | 滕梅 编著 | |
| 分册: | ||
| 出版信息: | 北京 电子工业出版社 2005.03 |
|
| 页数: | 256页 | |
| 开本: | 26cm | |
| 丛书名: | 超动力 | |
| 单 册: | ||
| 中图分类: | H319.6 | |
| 科图分类: | ||
| 主题词: | 英语--ying yu--高等学校--水平考试--解题 | |
| 电子资源: | ||
| ISBN: | 7-121-01007-0 | |
| 000 | 00902nam 2200241 450 | |
| 001 | 012006141418 | |
| 005 | 20060919162625.35 | |
| 010 | @a7-121-01007-0@dCNY25.00 | |
| 100 | @a20060619d2005 km y0chiy0120 ea | |
| 101 | 0 | @achi@aeng |
| 102 | @aCN@b110000 | |
| 105 | @ay q 000yy | |
| 200 | 1 | @a大学英语6级考试大全@Ada xue ying yu 6 ji kao shi da quan@f滕梅编著@Fteng mei bian zhu |
| 210 | @a北京@c电子工业出版社@d2005.03 | |
| 215 | @a256页@d26cm | |
| 225 | 2 | @a超动力@Achao dong li |
| 330 | @a本书提供了自2000年至2005年历次六级考试真题,共计11套,并配以答案和详细的解析,还特别为较难题型阅读理解和完形填空中的文章附上了译文,旨在帮助考生理解原文,克服学习过程中所遇到的语言障碍。 | |
| 410 | 0 | @12001 @a超动力 |
| 606 | 0 | @a英语@Aying yu@x高等学校@x水平考试@j解题 |
| 690 | @aH319.6@v4 | |
| 701 | 0 | @a滕梅@Ateng mei@4编著 |
| 801 | 0 | @aCN@bQSSK@c20060919 |
| 905 | @a10447@dH319.6@eT420 | |
| 大学英语6级考试大全/滕梅编著.-北京:电子工业出版社,2005.03 |
| 256页;26cm.-(超动力) |
| ISBN 7-121-01007-0:CNY25.00 |
| 本书提供了自2000年至2005年历次六级考试真题,共计11套,并配以答案和详细的解析,还特别为较难题型阅读理解和完形填空中的文章附上了译文,旨在帮助考生理解原文,克服学习过程中所遇到的语言障碍。 |
| ● |
| 相关链接 |
|
|
|
正题名:大学英语6级考试大全
索取号:H319.6/T420
 
预约/预借
| 序号 | 登录号 | 条形码 | 馆藏地/架位号 | 状态 | 备注 |
| 1 | 590099 | 205900998 | 语言库209/209语言库 57排7列4层/ [索取号:H319.6/T420] | 在馆 | |
| 2 | 590100 | 205901005 | 语言库209/209语言库 57排7列4层/ [索取号:H319.6/T420] | 在馆 | |
| 3 | 590101 | 205901014 | 语言库209/209语言库 57排7列4层/ [索取号:H319.6/T420] | 在馆 |